| Registos Bibliográficos associados ao registo de autoridade |
|
Etiqueta de registo: 00254nam 2200025 450 001 2286716 003 http://id.bnportugal.gov.pt/bib/catbnp/2286716 021 ## $aPT$b553952/25 100 ## $a20260522d2025 m d0pory01030103ba 101 0# $apor 102 ## $aPT 105 ## $ay z 000yy 106 ## $ar 200 1# $aEleitos locais$eeleições autárquicas (1976-2021) - freguesias de Alcobaça, Vestaria e União das Freguesias
de Alcobaça e Vestaria$fcoord. Luís Afonso Peres Pereira$gtextos Isabel Maria Fonseca Pereira da Costa 210 #9 $a[S.l.]$cUnião das Freguesias de Alcobaça e Vestaria,$dD.L. 2025 215 ## $a77 p.$d30 cm 675 ## $a324-052(469.325)"1976/2021"$vBN$zpor$32000142 675 ## $a352A/Z(469.325)"1976/2021"$vBN$zpor$32000141 702 #1 $aPereira,$bLuís Afonso Peres,$f1975-$4340$31049973 702 #1 $aCosta,$bIsabel Maria Fonseca Pereira da$4070$31999068 801 #0 $aPT$bBN$gRPC 856 41 $uhttp://rnod.bnportugal.gov.pt/ImagesBN/winlibimg.aspx?skey=&doc=2286716&img=223132&save=true 900 ## $aBIBNAC$d20260615 966 ## $lBN$mFGMON$sS.C. 169300 V.$x1 971 ## $cabrito$d20260522 972 ## $e0$z0$d20260615$vasantos 973 ## $ctrodrigues$d20260608
|
|
|